| 000 | 00590nam a2200193 a 4500 | ||
|---|---|---|---|
| 005 | 20250919063954.0 | ||
| 008 | 991125s1980 es 000 0 spa u | ||
| 020 | _a8431102578 | ||
| 035 | _aUPN01000025700 | ||
| 049 | _aCG | ||
| 050 | 4 |
_aQP360 _bL8.38 |
|
| 100 | 1 |
_aLurii︠a︡, A. R. _q(Aleksandr Romanovich), _d1902-1977 _931333 |
|
| 245 | 1 | 0 |
_aFundamentos de neurolingüística / _cpor A. R. Luria ; tr. Jordi Peña Casanova. |
| 260 |
_aBarcelona [Esp.] : _bToray-Masson, _c1980. |
||
| 300 | _a327 p. | ||
| 650 | 4 |
_aNeuropsicología _910531 |
|
| 650 | 2 |
_aAfasia _92025 |
|
| 905 | _aLibro | ||
| 999 |
_c25700 _d25700 |
||